| 000 | 00892cam a2200181 a 4500 | ||
|---|---|---|---|
| 001 | 000005711 | ||
| 005 | 20200929151744.0 | ||
| 008 | 041115s2003 ve 000 0 spa | ||
| 040 |
_aDO-SdBNP _bspa _cBNPHU |
||
| 082 |
_a331.097291 _bC397r |
||
| 245 | 0 | 3 |
_aEl centenario de la República de Cuba y el Movimiento de los Trabajadores : _bconcurso de ensayo periodístico / _ceditado por el Centro de Formación y Divulgación (CEDOF) de la Solidaridad de Trabajadores Cubanos (STC). |
| 260 |
_a[Caracas, Venezuela] : _bSolidaridad de Trabajadores Cubanos (STC), _c2003. |
||
| 300 |
_a194 p. ; _c20 cm. |
||
| 650 | 4 |
_aMovimiento obrero _zCuba _xHistoria _ySIGLO XX _916142 |
|
| 650 | 4 |
_aSindicatos _zCuba _xHistoria _ySIGLO XX _916143 |
|
| 650 | 4 |
_aClase obrera _zCuba _xHistoria _ySIGLO XX _916144 |
|
| 710 | 2 |
_aSolidaridad de Trabajadores Cubanos (Organización). _bCentro de Formación y Divulgación. _916145 |
|
| 999 |
_c5507 _d5507 |
||